000 00310nam a2200133Ia 4500
008 190216s9999||||xx |||||||||||||| ||und||
100 _aArrikr
245 0 _aEssentials Of Nuclear Chemistry
250 _a1st Ed.
260 _bWiley Eastern Ltd
300 _a334
650 _aChemistry-Chemistry
942 _cBK
999 _c2464
_d2464